|
|
|
|
| LEADER |
01210nam a22003137a 4500 |
| 001 |
35691 |
| 003 |
BD-DhAAL |
| 005 |
20251202121509.0 |
| 008 |
190922t2003 enka d 000 0 eng d |
| 020 |
|
|
|a 0521539625
|
| 020 |
|
|
|a 9780521539623
|
| 020 |
|
|
|a 0521539617 (pbk)
|
| 020 |
|
|
|a 0521539625 (pbk)
|
| 020 |
|
|
|a 0521832004 (hbk)
|
| 040 |
|
|
|a BD-DhAAL
|
| 082 |
0 |
0 |
|a 423
|2 22
|
| 245 |
0 |
0 |
|a Cambridge advanced learner's dictionary.
|
| 260 |
|
|
|a Cambridge ;
|a New York :
|b Cambridge University Press,
|c 2003
|
| 300 |
|
|
|a xii, 1550 pages :
|b illustrations (some colors) ;
|c 24 cm
|
| 526 |
|
|
|a BIED
|
| 541 |
|
|
|a Complimentary copy from BIED
|e 35691
|
| 650 |
|
0 |
|a English language
|v Dictionaries.
|9 34990
|
| 650 |
|
0 |
|a English language
|v Textbooks for foreign speakers.
|9 34991
|
| 710 |
2 |
|
|a Cambridge University Press.
|9 34992
|
| 730 |
0 |
|
|a Cambridge international dictionary of English.
|9 34993
|
| 852 |
1 |
|
|a Ayesha Abed Library
|c Reference Section
|
| 942 |
|
|
|2 ddc
|c BK
|
| 999 |
|
|
|c 41336
|d 41336
|
| 952 |
|
|
|0 0
|1 0
|2 ddc
|4 0
|6 423_000000000000000_CAM
|7 1
|9 66440
|a BRACUL
|b BRACUL
|c REF
|d 2019-09-22
|e Complimentary copy from BIED
|l 0
|o 423 CAM
|p 3010035691
|r 2019-09-22
|t 1
|w 2019-09-22
|y BK
|x Transferred from BIED to General Stacks
|